| 000 | 00734nam a2200205 i 4500 | ||
|---|---|---|---|
| 001 | 67712 | ||
| 003 | ES-MaACL | ||
| 005 | 20251013211639.0 | ||
| 007 | t| | ||
| 008 | 040203s1962 fr ||||1| fre d | ||
| 100 | 1 |
_aGalois, Evariste. _953664 |
|
| 245 | 1 | 0 |
_aEcrits et mémoires mathématiques / _cd'Evariste Galois ; edition critiqye intégrale de ses manuscrits et publications par Robert Bourgne et J.P. Azra ; préface de J. Dieudonné. |
| 260 |
_aParis : _bGauthier-Villars, _c1962. |
||
| 300 |
_aXXII, 541 p., 15 lám. ; _c28 cm. |
||
| 700 | 1 |
_aBourgne, Robert. _930996 |
|
| 700 | 1 |
_aAzra, J. P. _924366 |
|
| 700 | 1 |
_aDieudonné, Jean, _d1906-1992 _944633 |
|
| 852 |
_aES-MaACL _jE-9843 _bR.94391 |
||
| 999 |
_c67712 _d67712 |
||